Joan Brossa : poeta de la imatge : exposició itinerant 2005 - 2008 : recull de premsa poeta de la imatge :
Descripción Física:
166 p. : il. ; 29 cm
MARC
| LEADER | 00000nam a2200000Ia 4500 | ||
|---|---|---|---|
| 001 | 21391 | ||
| 003 | BGR | ||
| 005 | 20260324180032.0 | ||
| 008 | 160829s2008 xx 000 0 cat d | ||
| 080 | |a B-2-175 | ||
| 245 | |a Joan Brossa : |b poeta de la imatge : |b exposició itinerant 2005 - 2008 : |b recull de premsa | ||
| 260 | |a Barcelona : |b Diputació de Barcelona, |c 2008 | ||
| 300 | |a 166 p. : |b il. ; |c 29 cm | ||
| 590 | |a Organitzat per: Diputació de Barcelona i Fundació Joan Brossa | ||
| 600 | 1 | 0 | |a Brossa, Joan, |d 1919-1998 |v Exposicions |9 55229 |
| 650 | |a Artistes catalans |x S. XX |x Brossa, Joan |9 26519 | ||
| 650 | |a Poesia visual catalana |9 26520 | ||
| 710 | 1 | |a Barcelona (Catalunya : Província). |b Diputació |9 52408 | |
| 710 | 2 | |a Fundació Joan Brossa |9 70926 | |
| 901 | |a Arxiu | ||
| 942 | |n 1 |2 udc |c MON | ||
| 952 | |0 0 |1 0 |4 0 |6 B2175 |7 1 |9 51946 |a Arxiu |b Arxiu |d 2016-12-01 |l 0 |o B-2-175 |p 21391 |r 2016-12-01 00:00:00 |w 2016-12-01 |y ARXIU | ||
| 999 | |c 55793 |d 55793 | ||